Técnicas criptográficas de protección de datos. / Fùster Sabater Amparo. [et al.] (Registro nro. 14359)

Detalles MARC
000 -LÍDER
fixed length control field 00686nam a2200181 4500
008 - ELEMENTOS DE LONGITUD FIJA -- INFORMACIÓN GENERAL
fixed length control field 0 1998 0a 000 0MEX
020 ## - NÚMERO INTERNACIONAL NORMALIZADO PARA LIBROS
ISBN 970-15-0602-2
050 ## - SIGNATURA TOPOGRAFICA DE LA BIBLIOTECA DEL CONGRESO (LC)
Número de Clasificación QA76 9 A25 F4 1998
082 ## - NUMERO DE CLASIFICACION DECIMAL DEWEY
Número de Clasificación 005.73 F995t
100 ## - ASIENTO PRINCIPAL--NOMBRE PERSONAL
Nombre personal Fuster Sabater Amparo.
245 ## - TÍTULO
Título Técnicas criptográficas de protección de datos. / Fùster Sabater Amparo. [et al.]
250 ## - MENCIÓN DE EDICIÓN
Mención de edición 2a ed.
260 ## - PUBLICACIÓN, DISTRIBUCIÓN, ETC. (PIE DE IMPRENTA)
Lugar de publicación, distribución, etc. México : Alfaomega.
300 ## - DESCRIPCIÓN FÍSICA
Extensión 372 p. il. / 23.5 cm.
500 ## - NOTA GENERAL
Nota general Incluye,contenido.
650 ## - ASIENTO SECUNDARIO DE MATERIA - TERMINO TEMÁTICO
Término temático o nombre geográfico como elemento de entrada 1.- COMPUTADORAS - SEGURIDAD 2.- CRIPTOGRAFIA. 3.- DATOS - PROTECCIÒN
700 ## - ASIENTO SECUNDARIO - NOMBRE PERSONAL
Nombre personal De la Gua Martínez Dolores\ Hernández Encinas Luis \ Montoya Vitini Fausto \ Muñoz Masqué jaime.
Existencias
No. biblioteca No. biblioteca Número de clasificación Código de barras/Número de adquisición Número de copia Tipo de material
LUIS G. INCLAN LUIS G. INCLAN 005.73 F995t 39512 1 Libros
LUIS G. INCLAN LUIS G. INCLAN 005.73 F995t 39513 2 Libros
Calzada Tecnológico # 27, Zacatepec, Morelos.
01(734) 343-07-23 / 343-21-10 / 343-21-11
Apdo. Postal 45 C.P 62780